LEADER 00478nab a2200133 i 4500 001 000000262334 003 CaOOAMICUS 005 20180831164625.0 008 180831n xx uu u0 0und r 013 $a10622 040 $aSeMil$bita 245 10$a[vedi periodico]. 773 0 $tSlowianoznawstwo = Études Slaves = Slavonic Studies.$dLublin : Towarzystwo Naukowe Katolickiego Uniwersytetu Lubelskiego, 2004 (copyr. 2005)$w()161862 996 $6245$a[vedi periodico]$9(OLS)http://semarc/title/309439 LEADER 01044nam a2200229 i 4500 001 000000241457 003 CaOOAMICUS 005 20150504000000.0 008 150504s1979 it u000 u ita u 013 $a220362 040 $aSeMil$bita 100 1 $aFabro, Cornelio ,$c.$0(OLS)http://semarc/name/1213 245 13$aLa trappola del compromesso storico :$bda Togliatti a Berlinguer /$cCornelio Fabro. 260 $aRoma :$bLogos,$c1979. 300 $a173 p. ;$c21 cm. 490 0 $aBiblioteca universale cristiana ;$v32 650 4$aDemocrazia Cristiana <1943-1994> e Partito comunista italiano <1921-1991>.$0(OLS)http://semarc/subject/42351 830 0$aBUC : Biblioteca universale cristiana ;$v32.$0(OLS)http://semarc/title/35880 850 $aSeMil 852 $aSeMil$W1$xVenegono$y1$m3N III 349$j191803$B191803$CSeMilBibl$Z2$F202604 $81 996 $6245$aLa trappola del compromesso storico :$bda Togliatti a Berlinguer$9(OLS)http://semarc/title/343168 996 $6260$aRoma :$bLogos$9(OLS)http://semarc/publisher/31609